000 00968nam a2200265Ia 4500
005 20220317001434.0
008 161108s9999 mx a g 000 0 spa
020 _a9786077355298
082 0 4 _a111
_bB72c
100 1 _aBrenifier, Oscar
245 1 0 _aContrarios?
_bun libro para ejercitar el arte de pensar
_ctexto de Oscar Brenifier ; ilustraciones de Jacques Després ; traducción Sandra Sepúlveda Martín
250 _a2a. edición
300 _a79 páginas
_bilustraciones en color
_c26 cm
650 1 4 _2LEMB
_aFilosofía
_xPreguntas y respuestas
650 1 4 _2LEMB
_aAntología
_xPensamiento
650 1 4 _2LEMB
_aNecesidad (Filosofía)
700 1 0 _aDesprés, Jacques
_918221
700 1 0 _aSepúlveda Martín, Sandra
_969525
942 _2ddc
_cBK
264 _aMéxico
_bOcéano Travesía
_c2009
336 _atexto
_btxt
_2rdacontent
337 _asin mediación
_bn
_2rdamedia
338 _avolumen
_bnc
_2rdacarrier
040 _aCO-BoRNBP
_bspa
_erda
_cCO-BoRNBP
999 _c6980
_d6980